000 00564cab a2200181 4500
001 WB2612-14
008 090401t1990 xxu||||| |||| 00| 0 eng d
035 _a(Sirsi) u15609
041 _aeng
245 _aRoyal Opera plans approved
260 _c1990
350 _a0
490 _aDaily Telegraph
_v21/3/90 p7
520 _aRedevelopment plans for the Royal Opera House and Covent Garden have been approved and will take three years to complete.
690 _aPROPERTY-RESIDENTIAL PROPERTY-RESIDENTIAL PROPERTY MARKET
942 _n0
948 _c04/03/1997
999 _c10257
_d10257